Goldust's WrestleMania Opponents - Statistics

General Stats
  • This quiz has been taken 13 times
  • The average score is 5 of 8
Answer Stats
WrestleMania Opponent % Correct
WrestleMania 13 Hunter Hearst Helmsley
82%
WrestleMania X8 Maven
73%
WrestleMania XII Roddy Piper
73%
WrestleMania XV Road Dogg
64%
WrestleMania XIV* Sable
64%
WrestleMania XV Val Venis
64%
WrestleMania XV Ken Shamrock
55%
WrestleMania XIV* Marc Mero
55%
No matching quizzes found
Score Distribution
Percent of People with Each Score
Percentile by Number Answered
Your Score History
You have not taken this quiz